Egyptian cities - Sudden Death - Statistics

General Stats
  • This quiz has been taken 75 times
  • The average score is 7 of 10
Answers on the Grid
Answers color-coded by a green-red scale on the quiz's grid according to % correct below.
Hurghada
Sharm el-Sheikh
Luxor
Alexandria
Suez
Asyut
Fayyum
Qena
Sohag
Port Said
Aleppo
Fez
Heraklion
Antalya
Bayamo
Dammam
Tabriz
Erbil
Sfax
Hyderabad
 
Answer Stats
Answer % Correct
Alexandria
90%
Luxor
81%
Suez
76%
Port Said
74%
Sharm el-Sheikh
74%
Fayyum
66%
Asyut
60%
Hurghada
60%
Qena
55%
Sohag
52%
No matching quizzes found
Score Distribution
Percent of People with Each Score
Percentile by Number Answered
Your Score History
You have not taken this quiz